Normal view MARC view
  • México.

Entry Nombre Corporativo

Number of records used in: 8

001 - NÚMERO DE CONTROL

  • campo de control: 12995

003 - IDENTIFICADOR DE NUMERO DE CONTROL

  • campo de control: MX-MxUPN

005 - FECHA Y HORA DE LA ÜLTIMA TRANSACCIÓN

  • campo de control: 20240426102227.0

008 - DATOS DE LONGITUD FIJA

  • campo de control de longitud fija: 240426n||fcnnnbabn | ana |d

035 ## - NÚMERO DE CONTROL

  • Número de control: UPN10000013003

040 ## - FUENTE DE CATALOGACIÓN

  • Agencia original de catalogación: MX-MxUPN
  • Lenguaje de catalogación: spa
  • Agencia transcribe: MX-MxUPN

110 1# - ENCABEZAMIENTO - NOMBRE CORPORATIVO

  • Nombre corporativo o de jurisdicción como elemento de entrada : México.
  • Unidad subordinada: Secretaría de Educación Pública
  • Subdivisión temática general: Historia

670 ## - FUENTE EN LA QUE SE LOCALIZARON DATOS

  • Cita de la fuente : E/P
  • Información localizada: México. Secretaría de Instrucción Pública y Bellas Artes

902 ## - CATALOGADOR

  • Catalogador: MMA/070297